Everything about parakeets / (Record no. 7135)
[ view plain ]
| 000 -LEADER | |
|---|---|
| fixed length control field | 00588nam a22002057a 4500 |
| 003 - CONTROL NUMBER IDENTIFIER | |
| control field | OSt |
| 005 - DATE AND TIME OF LATEST TRANSACTION | |
| control field | 20140310181924.0 |
| 008 - FIXED-LENGTH DATA ELEMENTS--GENERAL INFORMATION | |
| fixed length control field | 130719t xxu||||| |||| 00| 0 eng d |
| 050 ## - LIBRARY OF CONGRESS CALL NUMBER | |
| Classification number | SF 473 |
| Item number | .N864 1953 |
| 082 ## - DEWEY DECIMAL CLASSIFICATION NUMBER | |
| Classification number | TR 636.6 |
| Item number | N82 19 |
| 100 ## - MAIN ENTRY--PERSONAL NAME | |
| Personal name | North, Milton |
| 9 (RLIN) | 2233 |
| 245 ## - TITLE STATEMENT | |
| Title | Everything about parakeets / |
| Statement of responsibility, etc | Milton R. North. |
| 260 ## - PUBLICATION, DISTRIBUTION, ETC. (IMPRINT) | |
| Place of publication, distribution, etc | New York : |
| Name of publisher, distributor, etc | Hartz Mountain Products. |
| Date of publication, distribution, etc | c199_ |
| 300 ## - PHYSICAL DESCRIPTION | |
| Extent | 36 p. ; |
| Other physical details | ill. col. ; |
| Dimensions | 23 cm. |
| 541 ## - IMMEDIATE SOURCE OF ACQUISITION NOTE | |
| -- | 1 |
| 562 ## - COPY AND VERSION IDENTIFICATION NOTE | |
| Number of copies | 1 |
| 650 ## - SUBJECT ADDED ENTRY--TOPICAL TERM | |
| Topical term or geographic name as entry element | Parakeets |
| General subdivision | care training. |
| 9 (RLIN) | 2234 |
| 700 ## - ADDED ENTRY--PERSONAL NAME | |
| Personal name | North, Milton |
| 9 (RLIN) | 2235 |
| 942 ## - ADDED ENTRY ELEMENTS (KOHA) | |
| Source of classification or shelving scheme | Library of Congress Classification |
| Koha item type | |
| Call number prefix | |
| Withdrawn status | Lost status | Source of classification or shelving scheme | Damaged status | Home library | Current library | Shelving location | Date acquired | Total Checkouts | Full call number | Barcode | Date last seen | Copy number | Price effective from | Koha item type |
|---|---|---|---|---|---|---|---|---|---|---|---|---|---|---|
| Library of Congress Classification | Luxembourg Library | Luxembourg Library | Teachers Reference Section | 07/19/2013 | SF 473 .N864 1953 | 14783 | 08/13/2013 | 1 | 07/19/2013 | Books |